000 01525nam a2200277Ia 4500
999 _c53506
_d53506
001 20552
003 GE_BSU
005 20250716173437.0
008 181216s2012||||ge |||||||||||||| ||geo||
020 _a978-9941-19-458-0
040 _cGE_BSU
041 _ageo
080 _a821.353.1-1გ-85
100 _aგრიშაშვილი, იოსებ
_925664
245 _aრჩეული ნაწარმოებები : 4 ტომად. ტ. 1, პოეზია, 1906-1922 წლები /
_cიოსებ გრიშაშვილი ; რედ. : ზურაბ აბაშიძე, მანანა ჯანელიძე, ირმა ხარჩილაძე.
264 _aთბილისი :
_bპალიტრა L,
_c2012.
300 _a328 გვ. ;
_c20 სმ.
490 _aჩემი რჩეული, 2233-3037 / სარედ. ჯგ. : ზურაბ აბაშიძე, მანანა ჯანელიძე, ირმა ხარშილაძე ;
_vტ. 38
541 _h6 ლ.
653 _aპოეზია, 1906-1922 წლები. ტ. 1
653 _aრჩეული ნაწარმოებები : 4 ტომად
700 _aაბაშიძე, ზურაბ
_eრედაქტორი
_91322
700 _aჯანელიძე, მანანა
_eრედაქტორი
_91323
700 _aხარშილაძე, ირმა
_eრედაქტორი
_925665
942 _cBK
_2udc